000 00451nam a2200133Ia 4500
008 210430s9999 xx 000 0 und d
020 _a0-8247-7336-5
082 _a660.39 M239 S
100 _aAndrew J.Milling
_952546
245 _aSurface Characterization Methods: principles, techniques, and applications /
_cAndrew J.Milling
_b(surfactant science series V-87)
260 _aNew york
_bMarcel Dekker, inc
_c1999
300 _a412p
942 _cBK
_2ddc
999 _c561834
_d561834